• 首页
  • 本馆介绍
  • 公告通知
  • 最新文献
  • 馆藏检索
  • 电子资源
  • 读者导购
  • 参考咨询
  • 我的图书馆
  • 登录
  • 详细信息显示
  • 放入我的书架
  • 预约/预借图书
  • 作者相关作品
  • 分类相关作品
  • 丛书相关作品
  • 出版社相关作品

书目信息

  • 表格格式
  • 工作单格式
  • 卡片格式
题名:
穿越安培走廊
    
 
作者: 龙恕良 编著
分册:  
出版信息: 北京   航空工业出版社  2017.11
页数: 122页
开本: 23cm
丛书名:
单 册:
中图分类: K835.656.11=41 , K835
科图分类:
主题词:
电子资源:
ISBN: 978-7-5165-1377-4
000 00685nam0 2200229 450
001 2346062580
005 20231209124811.98
010    @a978-7-5165-1377-4@dCNY 24.00
100    @a20180918d2017 cemy0chiy0120 ea
101 0  @achi
102    @aCN@b110000
105    @aa z 000yd
200 1  @a穿越安培走廊@Achuan yue an pei zou lang@b专著@f龙恕良编著
210    @a北京@c航空工业出版社@d2017.11
215    @a122页@c彩图@d23cm
300    @a科技城十日游
600  0 @a安培@c(Ampere, Andre Marie@f1775-1836)@x生平事迹@j少年读物
690    @aK835.656.11=41@v5
690    @aK835@v4
701  0 @a龙恕良@Along shu liang@4编著
801  2 @aCN@b辽宁北配@c20231205
905    @aZUCC@dK835@e81
    
    穿越安培走廊/龙恕良编著.-北京:航空工业出版社,2017.11
    122页:彩图;23cm
    科技城十日游
    
    ISBN 978-7-5165-1377-4:CNY 24.00
    
●
相关链接 在五车中查询图书 在当当中查询图书 在豆瓣中查询图书


正题名:穿越安培走廊     索取号:K835/81         预约/预借

序号 登录号 条形码 馆藏地/架位号 状态 备注
1 2001507883   2001507883   第四书库/四19架B面5层2列/ [索取号:K835/81] 在馆    
2 2001507884   2001507884   第四书库/四19架B面5层2列/ [索取号:K835/81] 在馆    
3 2001507885   2001507885   第四书库/四19架B面5层2列/ [索取号:K835/81] 在馆    
4 2001507886   2001507886   第四书库/四19架B面5层2列/ [索取号:K835/81] 在馆    
5 2001507887   2001507887   第四书库/四19架B面5层2列/ [索取号:K835/81] 在馆    
6 2001507888   2001507888   509书库/ [索取号:K835/81] 在馆    
7 2001507889   2001507889   509书库/ [索取号:K835/81] 在馆    
8 2001507890   2001507890   509书库/ [索取号:K835/81] 在馆    
9 2001507891   2001507891   509书库/ [索取号:K835/81] 在馆    
10 2001507892   2001507892   509书库/ [索取号:K835/81] 在馆    
11 2001507893   2001507893   509书库/ [索取号:K835/81] 在馆    
山东省滨州职业学院图书馆 欢迎您!
大连网信软件有限公司© 版权所有